Guess The Premier League Footballer's Surname - Statistics

General Stats
  • This quiz has been taken 522 times
    480 since last reset
  • The average score is 15 of 35
Answer Stats
First Name Surname % Correct
Mohamed Salah
98%
N'Golo Kante
97%
Harry Kane
92%
Jamie Vardy
88%
Mesut Ozil
86%
Kevin De Bruyne
82%
Anthony Martial
72%
Dean Henderson
70%
Kyle Walker
69%
Jonjo Shelvey
61%
Raul Jimenez
56%
Teemu Pukki
50%
Luke Shaw
50%
Ross Barkley
46%
Troy Deeney
44%
Jack Grealish
41%
Lukasz Fabianski
37%
Nathan Ake
36%
Lewis Dunk
34%
Dominic Calvert-Lewin
33%
Jordan Pickford
33%
Gary Cahill
32%
Danny Ings
26%
Ashley Barnes
25%
Kieran Tierney
24%
Todd Cantwell
22%
Andy Carroll
21%
Harry Winks
18%
Adam Lallana
16%
Jeff Hendrick
10%
Harry Wilson
10%
Wayne Hennessey
8%
Nathaniel Chalobah
7%
Aaron Mooy
4%
John Fleck
0%
No matching quizzes found
Score Distribution
Percent of People with Each Score
Percentile by Number Answered
Your Score History
You have not taken this quiz since the last reset